000 00496nam a22001697a 4500
005 20240816074729.0
008 240816b |||||||| |||| 00| 0 eng d
020 _a0406965439
041 _aEnglish
082 _a349 ALL
100 _lEnglish
245 _aThe All England Law Reports: Annual Review 2002
260 _aLondon:
_bButterworth and Company Ltd,
_c2003
300 _bxxxv, 410 pages;
_c25 cm.
650 _aLegal practice
_bLaw
942 _cBK
_6ALISON_BN_VRIES
999 _c2596
_d2596